Aplicación de las tac en un entorno AICLE: Una experiencia de innovación en educación primaria (Record no. 191687)
[ view plain ]
| 000 -CABECERA | |
|---|---|
| campo de control de longitud fija | 01734nab a2200301 a 4500 |
| 005 - FECHA Y HORA DE LA ÚLTIMA TRANSACCIÓN | |
| campo de control | 20251210064110.0 |
| 008 - ELEMENTOS DE LONGITUD FIJA--INFORMACIÓN GENERAL | |
| campo de control de longitud fija | 991125c2017 sp fr p o 000 0 spa d |
| 035 ## - NÚMERO DE CONTROL DEL SISTEMA | |
| Número de control de sistema | UPN01000219588 |
| 040 ## - FUENTE DE LA CATALOGACIÓN | |
| Centro catalogador/agencia de origen | UPN |
| Lengua de catalogación | spa |
| Centro/agencia transcriptor | UPN |
| Normas de descripción | aacr2 |
| 049 ## - COLECCIÓN | |
| Colección | ART-E |
| 100 1# - ASIENTO PRINCIPAL--NOMBRE PERSONAL | |
| Nombre de persona | Orcera Expósito, Estefanía |
| 100 1# - ASIENTO PRINCIPAL--NOMBRE PERSONAL | |
| Nombre de persona | Moreno Fuentes, Elena |
| 100 1# - ASIENTO PRINCIPAL--NOMBRE PERSONAL | |
| Nombre de persona | Risueño Martínez, Jesús J. |
| 245 10 - MENCIÓN DE TÍTULO | |
| Título | Aplicación de las tac en un entorno AICLE: Una experiencia de innovación en educación primaria |
| Medio | [recurso electrónico en línea] |
| 506 0# - NOTA DE RESTRICCIONES AL ACCESO | |
| Limitaciones de acceso | Acceso abierto |
| 520 3# - NOTA DE RESUMEN, ETC. | |
| Sumario, etc. | A través de esta práctica de innovación educativa se pretende mejorar las habilidades comunicativas en la lengua extranjera (inglés) en el alumnado de sexto de Educación Primaria, aprovechando la motivación que generan las nuevas tecnologías del aprendizaje y el conocimiento en un entorno AICLE, donde esta lengua sea el vehículo natural de comunicación. La práctica se ha desarrollado en el área de Ciencias Naturales, más concretamente a través de las unidades didácticas integradas de la asignatura y con el apoyo de una auxiliar de conversación. Se fomentan así las relaciones positivas entre el alumnado al trabajar de forma cooperativa haciendo uso de tablets y de realidad aumentada. |
| 650 #4 - ASIENTO SECUNDARIO DE MATERIA - TERMINO TEMATICO | |
| Término de materia o nombre geográfico como elemento de entrada | Educación primaria |
| 9 (RLIN) | 1552 |
| 650 #4 - ASIENTO SECUNDARIO DE MATERIA - TERMINO TEMATICO | |
| Término de materia o nombre geográfico como elemento de entrada | Aprendizaje |
| 9 (RLIN) | 2861 |
| 650 #4 - ASIENTO SECUNDARIO DE MATERIA - TERMINO TEMATICO | |
| 9 (RLIN) | 10146 |
| Término de materia o nombre geográfico como elemento de entrada | Ciencias naturales |
| 653 0# - TERMINO DE INDIZACION - NO CONTROLADO | |
| Término no controlado | Lengua extranjera |
| 653 0# - TERMINO DE INDIZACION - NO CONTROLADO | |
| Término no controlado | Nuevas tecnologías |
| 653 0# - TERMINO DE INDIZACION - NO CONTROLADO | |
| Término no controlado | REALIDAD AUMENTADA |
| 773 ## - ENLACE AL DOCUMENTO FUENTE/ENTRADA DE REGISTRO ANFITRIÓN | |
| Parte(s) relacionada(s) | Vol. 19, no. 1 (2017), p. 143-162 |
| Título | Aula de encuentro |
| Número Internacional Normalizado para Publicaciones Seriadas | 2341-4847 |
| 856 4# - LOCALIZACIÓN Y ACCESO ELECTRÓNICOS | |
| Identificador Uniforme del Recurso | <a href="https://revistaselectronicas.ujaen.es/index.php/ADE/article/view/3405">https://revistaselectronicas.ujaen.es/index.php/ADE/article/view/3405</a> |
| 902 ## - ELEMENTOS DE DATOS B LOCAL, LDB (RLIN) | |
| Creó | Gloria Jiménez/0824 |
| 905 ## - TIPO DE MATERIAL | |
| Tipo de material | Articulo |
| 942 ## - ELEMENTOS DE PUNTO DE ACCESO ADICIONAL (KOHA) | |
| Tipo de ítem Koha | Artículo Electrónico |
| Estado de retiro | Estado de pérdida | Estado dañado | No para préstamo | Código de colección | Localización permanente | Ubicación/localización actual | Ubicación en estantería | Fecha de adquisición | Total de préstamos | Fecha visto por última vez | Identificador Uniforme del Recurso | Precio válido a partir de | Tipo de ítem Koha |
|---|---|---|---|---|---|---|---|---|---|---|---|---|---|
| Acceso abierto | Bib. Gregorio Torres Quintero | Bib. Gregorio Torres Quintero | En línea | 05/08/2024 | 05/08/2024 | https://revistaselectronicas.ujaen.es/index.php/ADE/article/view/3405 | 05/08/2024 | Artículo Electrónico |
